Southville International School and Colleges
Your cart is empty.
  • Cart
  • Lists
    Public lists Eva Luna New books Lux_list list_1
    Your lists Log in to create your own lists
  • Log in to your account
  • Your cookies
  • Search history
Southville International School and Colleges
  • Advanced search
  • Recent comments
  • Most popular
  • Libraries

Log in to your account

Log in with GOOGLE


If you do not have an external account, but do have a local account, you can still log in:

  1. Home
  2. MARC view: Magic of a million (The): activity book :
Normal view MARC view ISBD view

Magic of a million (The): activity book : (Record no. 105132)

[ view plain ]
MARC details
000 -LEADER
fixed length control field 00666nam a2200181 a 4500
005 - DATE AND TIME OF LATEST TRANSACTION
control field 20140412111341.0
008 - FIXED-LENGTH DATA ELEMENTS--GENERAL INFORMATION
fixed length control field 031016s19uu xx 00 eng d
020 ## - INTERNATIONAL STANDARD BOOK NUMBER
International Standard Book Number 0-590-70133-9
050 ## - LIBRARY OF CONGRESS CALL NUMBER
Classification number TR(GS 510
Item number S95 1998
100 ## - MAIN ENTRY--PERSONAL NAME
Personal name Schwartz, David M.
245 ## - TITLE STATEMENT
Title Magic of a million (The): activity book :
Remainder of title (Grades 2-5) /
Statement of responsibility, etc by David M. Schwartz and David J. Whitin.
260 ## - PUBLICATION, DISTRIBUTION, ETC. (IMPRINT)
Place of publication, distribution, etc New York :
Name of publisher, distributor, etc Scholastic Professional Books,
Date of publication, distribution, etc 1998.
300 ## - PHYSICAL DESCRIPTION
Extent 80 p. ; ill.
520 ## - SUMMARY, ETC.
Summary, etc Great hands-on Activities and reproducibles to explore a Million and other big numbers.
650 ## - SUBJECT ADDED ENTRY--TOPICAL TERM
Topical term or geographic name as entry element Mathematics--Study and teaching
650 ## - SUBJECT ADDED ENTRY--TOPICAL TERM
Topical term or geographic name as entry element Mathematics--Activities
Holdings
Withdrawn status Lost status Damaged status Use restrictions Home library Current library Shelving location Date acquired Source of acquisition Cost, normal purchase price Total Checkouts Full call number Barcode Date last seen Price effective from Koha item type
        Elizalde Library Elizalde Library Teachers Reference Section 10/16/2003   189.50   TR(GS 510 S95 1998 E9464 04/12/2014 04/12/2014 Books

Magic of a million (The): activity book :

APA

Schwartz D. M., . (1998). Magic of a million (The): activity book. New York: Scholastic Professional Books.

Chicago

Schwartz David M, . 1998. Magic of a million (The): activity book. New York: Scholastic Professional Books.

Harvard

Schwartz D. M., . (1998). Magic of a million (The): activity book. New York: Scholastic Professional Books.

MLA

Schwartz David M, . Magic of a million (The): activity book. New York: Scholastic Professional Books. 1998.

  • Place hold
  • Print
  • Cite
  • Add to your cart (remove)
  • Save record
    BIBTEX Dublin Core MARCXML MARC (non-Unicode/MARC-8) MARC (Unicode/UTF-8) MARC (Unicode/UTF-8, Standard) MODS (XML) RIS
  • More searches
    Search for this title in:
    Other Libraries (WorldCat) Other Databases (Google Scholar) Online Stores (Bookfinder.com) Open Library (openlibrary.org)

Exporting to Dublin Core...

SOUTHVILLE LIBRARY

Southville International School and Colleges Library

1281 Tropical Ave. Cor. Luxembourg St., BF Homes International, Las Pinas City

Tel. No. 8256374 / 252358 Loc. 117/146

Powered by Koha